|
|
|
|
| LEADER |
00000nam0a2200000 4500 |
| 001 |
163978 |
| 005 |
20231031161038.0 |
| 010 |
|
|
|a 5717300247
|
| 035 |
|
|
|a (RuTPU)RU\TPU\book\177894
|
| 090 |
|
|
|a 163978
|
| 100 |
|
|
|a 20090826d1990 m y0rusy50 ca
|
| 101 |
0 |
|
|a rus
|
| 102 |
|
|
|a RU
|
| 105 |
|
|
|a a z 001zy
|
| 200 |
1 |
|
|a Био- и литостратиграфия мезозоя нефтегазоносных районов СССР
|e Сборник научных трудов
|f Всесоюзный нефтяной научно-исследовательский геологоразведочный институт (ВНИГРИ) ; под ред. А. И. Киричковой, С. А. Чирва
|
| 210 |
|
|
|a Ленинград
|c ВНИГРИ
|d 1990
|
| 215 |
|
|
|a 189 с.
|c ил.
|
| 320 |
|
|
|a Библиография в конце статей
|
| 610 |
1 |
|
|a геология
|
| 610 |
1 |
|
|a нефтяные месторождения
|
| 610 |
1 |
|
|a газовые месторождения
|
| 610 |
1 |
|
|a нефтегазоносность
|
| 610 |
1 |
|
|a нефтегазоносное районирование
|
| 610 |
1 |
|
|a Россия
|
| 610 |
1 |
|
|a стратиграфия
|
| 610 |
1 |
|
|a морские отложения
|
| 610 |
1 |
|
|a нефтегазоносные области
|
| 610 |
1 |
|
|a триас
|
| 610 |
1 |
|
|a Таймыр
|
| 610 |
1 |
|
|a Вилюйский мезозойский бассейн
|
| 610 |
1 |
|
|a юра
|
| 610 |
1 |
|
|a Канско-Ачинский угольный бассейн
|
| 610 |
1 |
|
|a Печорский нефтегазоносный бассейн
|
| 610 |
1 |
|
|a Русская платформа
|
| 610 |
1 |
|
|a мезозойские нефти
|
| 675 |
|
|
|a 553.98.041:551.7
|v 3
|
| 702 |
|
1 |
|a Киричкова
|b А. И.
|4 340
|
| 702 |
|
1 |
|a Чирва
|b С. А.
|4 340
|
| 712 |
0 |
2 |
|a Всесоюзный нефтяной научно-исследовательский геологоразведочный институт (ВНИГРИ)
|c (Ленинград)
|c (1929-1991)
|2 stltpush
|3 (RuTPU)RU\TPU\col\7662
|
| 801 |
|
1 |
|a RU
|b 63413507
|c 20090826
|
| 801 |
|
2 |
|a RU
|b 63413507
|c 20110831
|g RCR
|
| 942 |
|
|
|c BK
|